<The> EFTA Option for Eastern Europe Towards an Economic Reunification of the Divided Continent

Guardado en:
Detalles Bibliográficos
Autor principal: Kostrzewa, Wojciech
Otros Autores: Schmieding, Holger
Formato: Libro
Lenguaje:inglés
Publicado: Kiel Institut für Weltwirtschaft 1989
Edición:1. ed.
Colección:Working Paper No.397
Etiquetas: Agregar Etiqueta
Sin Etiquetas, Sea el primero en etiquetar este registro!

MARC

LEADER 00000nam a2200000 4500
001 c033230
005 20221215113659.4
041 0 |a eng 
044 |a DE 
245 1 0 |a <The> EFTA Option for Eastern Europe  |b Towards an Economic Reunification of the Divided Continent  |c Wojciech Kostrzewa, Holger Schmieding 
250 |a 1. ed. 
264 1 |a Kiel  |b Institut für Weltwirtschaft  |c 1989 
300 |a 25 s. 
490 1 |a Working Paper  |v No.397 
830 0 |a Working Paper  |v No.397 
100 1 |a Kostrzewa, Wojciech 
700 1 |a Schmieding, Holger